[Event "Katowice POL-HUN 5th"]
[Site "Katowice"]
[Date "2017.05.20"]
[Round "4"]
[White "Przedmojski, Rafal"]
[Black "Heberla, Bartlomiej"]
[Result "0-1"]
[WhiteElo "2355"]
[BlackElo "2580"]
[PlyCount "69"]
[EventDate "2017.05.20"]
[EventType "swiss (rapid)"]
[EventRounds "9"]
[EventCountry "POL"]
[SourceTitle "CBM 178 Extra"]
[Source "ChessBase"]
[SourceDate "2017.06.22"]
[SourceVersion "1"]
[SourceVersionDate "2017.06.22"]
[SourceQuality "1"]

1. d4 Nf6 2. c4 e6 3. Nf3 d5 4. g3 Bb4+ 5. Bd2 Bd6 6. Bg2 0-0 7. Qc2 c6 8. 0-0 Nbd7 9. b3 Ne4 10. Nc3 f5 11. a4 Nxd2 12. Nxd2 a5 13. e3 Kh8 14. Rfb1 Qe7 15. c5 Bc7 16. Na2 e5 17. b4 axb4 18. Nxb4 e4 19. Nb3 g5 20. a5 f4 21. a6 Nf6 22. axb7 Bxb7 23. Rxa8 Rxa8 24. Ra1 Rxa1+ 25. Nxa1 Qe8 26. Bh3 Qh5 27. Be6 Qf3 28. Qd2 Ba5 29. Nac2 fxe3 30. Nxe3 Ba6 31. Qa2 Bxb4 32. Qxa6 Be1 33. Qf1 Bd2 34. Nf5 e3 35. fxe3 0-1

[Event "NATO-ch 28th"]
[Site "Budapest"]
[Date "2017.03.29"]
[Round "4"]
[White "Przedmojski, Rafal"]
[Black "Bohn, Ulrich"]
[Result "1/2-1/2"]
[WhiteElo "2360"]
[BlackElo "2167"]
[PlyCount "100"]
[EventDate "2017.03.27"]
[EventType "swiss"]
[EventRounds "7"]
[EventCountry "HUN"]
[SourceTitle "CBM 177 Extra"]
[Source "ChessBase"]
[SourceDate "2017.04.27"]
[SourceVersion "1"]
[SourceVersionDate "2017.04.27"]
[SourceQuality "1"]

1. d4 Nf6 2. c4 c5 3. d5 b5 4. Bg5 Ne4 5. Bf4 Qa5+ 6. Nd2 d6 7. b4 Qxb4 8. Rb1 Qc3 9. Rxb5 Nxd2 10. Bxd2 Qf6 11. e4 e6 12. Ne2 Be7 13. Rb3 exd5 14. cxd5 Nd7 15. Ng3 Qh4 16. Qb1 g6 17. Bb5 0-0 18. Bc6 c4 19. Nf5 gxf5 20. Rg3+ Kh8 21. Bxa8 Ne5 22. Bc3 Bf6 23. Bc6 Nd3+ 24. Rxd3 cxd3 25. Qxd3 fxe4 26. Qe3 Ba6 27. Kd2 Kg8 28. Bxf6 Qxf6 29. Qg3+ Kh8 30. Qc3 Qxc3+ 31. Kxc3 Rb8 32. Bd7 Bc8 33. Ba4 Kg7 34. Re1 f5 35. f3 exf3 36. gxf3 Rb7 37. Bc6 Rc7 38. Kd4 Kf7 39. Re3 h6 40. Ra3 Kf6 41. Re3 Re7 42. Rb3 Kg5 43. Rb8 Rc7 44. Ke3 Re7+ 45. Kd4 Rc7 46. Rb2 Kf4 47. Rg2 Bb7 48. Ba4 Ba6 49. Bc6 Bb7 50. Ba4 Ba6 1/2-1/2

[Event "NATO-ch 28th"]
[Site "Budapest"]
[Date "2017.03.28"]
[Round "2"]
[White "Przedmojski, Rafal"]
[Black "Papista, Akos"]
[Result "1-0"]
[WhiteElo "2360"]
[BlackElo "2096"]
[PlyCount "40"]
[EventDate "2017.03.27"]
[EventType "swiss"]
[EventRounds "7"]
[EventCountry "HUN"]
[SourceTitle "CBM 177 Extra"]
[Source "ChessBase"]
[SourceDate "2017.04.27"]
[SourceVersion "1"]
[SourceVersionDate "2017.04.27"]
[SourceQuality "1"]

1. d4 d5 2. c4 c6 3. Nf3 Nf6 4. Nc3 dxc4 5. a4 Bf5 6. Ne5 e6 7. Nxc4 Na6 8. f3 Qc7 9. e4 Bg6 10. Be3 Rd8 11. Qb3 Be7 12. Be2 Nb4 13. a5 0-0 14. 0-0 Qb8 15. Ne5 b6 16. axb6 axb6 17. Na2 Nxa2 18. Nxc6 Qc7 19. Nxe7+ Qxe7 20. Rxa2 Ra8 1-0

[Event "POL-ch rapid"]
[Site "Zgierz"]
[Date "2017.01.08"]
[Round "9"]
[White "Kot, Jerzy"]
[Black "Przedmojski, Rafal"]
[Result "1-0"]
[WhiteElo "2068"]
[BlackElo "2360"]
[PlyCount "89"]
[EventDate "2017.01.08"]
[EventType "swiss (rapid)"]
[EventRounds "9"]
[EventCountry "POL"]
[SourceTitle "CBM 176 Extra"]
[Source "ChessBase"]
[SourceDate "2017.03.02"]
[SourceVersion "1"]
[SourceVersionDate "2017.03.02"]
[SourceQuality "1"]

1. g3 d5 2. Bg2 Nf6 3. Nf3 c6 4. 0-0 Bf5 5. d3 e6 6. c4 dxc4 7. dxc4 Qxd1 8. Rxd1 Nbd7 9. Nh4 Be4 10. f3 Bc5+ 11. Kf1 Bc2 12. Rd2 Bxb1 13. Rxb1 g5 14. Rxd7 Nxd7 15. Bxg5 Be7 16. Bd2 a5 17. a3 a4 18. f4 Bxh4 19. gxh4 f5 20. Be3 Nf6 21. Bd4 0-0 22. h3 Ne4 23. Rc1 Rfd8 24. Be5 Kf7 25. Bf3 Nd2+ 26. Kf2 Nxf3 27. Kxf3 Rg8 28. c5 Rad8 29. Rc4 Rd1 30. Rb4 Rf1+ 31. Ke3 Rg3+ 32. Kd2 Rb3 33. Rxa4 Rh1 34. Bc3 Rxh3 35. Kc2 Rbxc3+ 36. bxc3 Rxh4 37. Ra7 Rxf4 38. Rxb7+ Kg6 39. Rc7 h5 40. Rxc6 Re4 41. Kd3 h4 42. Rc8 Kg7 43. c6 h3 44. c7 h2 45. Rg8+ 1-0

[Event "POL-ch rapid"]
[Site "Zgierz"]
[Date "2017.01.08"]
[Round "7"]
[White "Przedmojski, Rafal"]
[Black "Paszewski, Mateusz"]
[Result "1/2-1/2"]
[WhiteElo "2360"]
[BlackElo "2268"]
[PlyCount "113"]
[EventDate "2017.01.08"]
[EventType "swiss (rapid)"]
[EventRounds "9"]
[EventCountry "POL"]
[SourceTitle "CBM 176 Extra"]
[Source "ChessBase"]
[SourceDate "2017.03.02"]
[SourceVersion "1"]
[SourceVersionDate "2017.03.02"]
[SourceQuality "1"]

1. d4 d5 2. c4 c6 3. Nf3 Nf6 4. Qb3 dxc4 5. Qxc4 Bg4 6. Nbd2 Nbd7 7. g3 e6 8. Bg2 Be7 9. 0-0 0-0 10. Re1 Rc8 11. Ne5 Bh5 12. Nxd7 Qxd7 13. Nb3 Qc7 14. Bf4 Bd6 15. Bxd6 Qxd6 16. Qc5 Qb8 17. Rac1 Bg6 18. Qb4 Rc7 19. Nc5 Nd7 20. e3 Re8 21. Nxd7 Rxd7 22. Rc5 Qd6 23. Qc3 Rde7 24. Bf3 a6 25. Rd1 Rd8 26. b4 f6 27. a4 Be8 28. a5 Qb8 29. Kg2 Bf7 30. Qb2 Red7 31. Rdc1 Rd6 32. Qc3 R8d7 33. h4 Qe8 34. Rc2 Re7 35. Rd2 Red7 36. Rc2 Re7 37. Rc1 Qd8 38. g4 Qf8 39. g5 f5 40. Be2 Qe8 41. f4 Bh5 42. Qe1 Rd5 43. Qd1 Bxe2 44. Qxe2 Red7 45. h5 Qd8 46. Kg3 Qb8 47. R1c3 Qf8 48. Qf3 Qd8 49. Qh1 Qe7 50. h6 g6 51. Qf3 Rd8 52. Qe2 R8d7 53. Qc4 R7d6 54. Qb3 Qe8 55. Qb2 Rd8 56. Rxd5 exd5 57. Qc2 1/2-1/2

[Event "NATO-ch 27th"]
[Site "Shrivenham"]
[Date "2016.08.26"]
[Round "7"]
[White "Werksma, Arie"]
[Black "Przedmojski, Rafal"]
[Result "0-1"]
[WhiteElo "2213"]
[BlackElo "2343"]
[PlyCount "88"]
[EventDate "2016.08.22"]
[EventType "swiss"]
[EventRounds "7"]
[EventCountry "ENG"]
[SourceTitle "EXT 2018"]
[Source "ChessBase"]
[SourceDate "2017.10.13"]
[SourceVersion "1"]
[SourceVersionDate "2017.10.13"]
[SourceQuality "1"]

1. e4 c5 2. Nf3 Nc6 3. Bb5 Nf6 4. Qe2 g6 5. 0-0 Bg7 6. c3 0-0 7. d3 d6 8. Re1 e5 9. Na3 Bd7 10. Nc2 a6 11. Bxc6 Bxc6 12. Bg5 h6 13. Bxf6 Bxf6 14. Nd2 Bg7 15. Nf1 d5 16. c4 d4 17. b4 b6 18. Rab1 Re8 19. Rb2 Bf8 20. Reb1 Qc7 21. Qe1 a5 22. bxa5 Rxa5 23. Rxb6 Rxa2 24. Qc1 Kh7 25. R6b2 Rea8 26. Rxa2 Rxa2 27. Rb3 Be7 28. Qb1 Ra5 29. Ra3 Kg7 30. Qb2 Rxa3 31. Nxa3 Ba4 32. Qd2 Bd8 33. f3 Qb6 34. Nb5 Bxb5 35. cxb5 Qxb5 36. Qc2 Bg5 37. g3 h5 38. Kf2 Qb4 39. Ke2 h4 40. Kf2 h3 41. Ke2 Qa3 42. Kd1 Kf6 43. Ke2 Kg7 44. Kd1 c4 0-1

[Event "NATO-ch 27th"]
[Site "Shrivenham"]
[Date "2016.08.24"]
[Round "4"]
[White "Przedmojski, Rafal"]
[Black "Papista, Akos"]
[Result "1-0"]
[WhiteElo "2343"]
[BlackElo "2127"]
[PlyCount "88"]
[EventDate "2016.08.22"]
[EventType "swiss"]
[EventRounds "7"]
[EventCountry "ENG"]
[SourceTitle "EXT 2018"]
[Source "ChessBase"]
[SourceDate "2017.10.13"]
[SourceVersion "1"]
[SourceVersionDate "2017.10.13"]
[SourceQuality "1"]

1. d4 d5 2. c4 e6 3. g3 Nf6 4. Bg2 Be7 5. Nf3 0-0 6. Qc2 dxc4 7. Qxc4 a6 8. Qc2 Nc6 9. e3 Nb4 10. Qe2 Bd7 11. Nc3 Bb5 12. Nxb5 axb5 13. 0-0 Nxa2 14. Qxb5 Nc3 15. Rxa8 Nxb5 16. Rxd8 Rxd8 17. Ne5 c6 18. Bf3 Nd5 19. Bd2 Ra8 20. Nd3 Ra2 21. Rc1 Kf8 22. Bd1 Ke8 23. Kf1 f5 24. Bb3 Ra8 25. Ke2 Bd6 26. Nc5 Bxc5 27. Rxc5 Ke7 28. Rc1 Kd6 29. Bc4 Nbc7 30. f3 Nf6 31. Kd3 Kd7 32. h3 Nce8 33. g4 Nd6 34. Bb3 g5 35. Re1 h6 36. e4 fxe4+ 37. fxe4 Nfxe4 38. Rxe4 Nxe4 39. Kxe4 Rf8 40. Ke5 Rf2 41. Bxe6+ Ke8 42. Bc3 Ke7 43. Bb4+ Ke8 44. b3 Re2+ 1-0

[Event "Warsaw Najdorf Memorial op-A 14th"]
[Site "Warsaw"]
[Date "2016.07.16"]
[Round "9"]
[White "Zochowski, Kacper"]
[Black "Przedmojski, Rafal"]
[Result "1/2-1/2"]
[WhiteElo "2248"]
[BlackElo "2337"]
[PlyCount "81"]
[EventDate "2016.07.08"]
[EventType "swiss"]
[EventRounds "9"]
[EventCountry "POL"]
[SourceTitle "CBM 173 Extra"]
[Source "ChessBase"]
[SourceDate "2016.08.29"]
[SourceVersion "1"]
[SourceVersionDate "2016.08.29"]
[SourceQuality "1"]

1. e4 c5 2. Nf3 Nc6 3. d4 cxd4 4. Nxd4 e5 5. Nb5 d6 6. c4 Be7 7. N1c3 a6 8. Na3 Be6 9. Be2 Nd4 10. Nc2 Nxe2 11. Qxe2 Rc8 12. Ne3 Nf6 13. 0-0 Qc7 14. b3 b5 15. Ncd5 Nxd5 16. cxd5 Bd7 17. Bb2 0-0 18. Rac1 Qa5 19. a3 g6 20. Kh1 Rxc1 21. Rxc1 Rc8 22. Rxc8+ Bxc8 23. h3 Bd7 24. Kh2 Bd8 25. g3 Qc7 26. Qc2 Qxc2 27. Nxc2 a5 28. Bc1 f5 29. f3 Kf7 30. Kg2 h5 31. b4 a4 32. h4 fxe4 33. fxe4 g5 34. Bxg5 Bxg5 35. hxg5 Kg6 36. Ne1 Bg4 37. Nd3 Kxg5 38. Nf2 h4 39. Nh3+ Kh5 40. Nf2 Be2 41. Nh3 1/2-1/2

[Event "Warsaw Najdorf Memorial op-A 14th"]
[Site "Warsaw"]
[Date "2016.07.13"]
[Round "6"]
[White "Przedmojski, Rafal"]
[Black "Svane, Rasmus"]
[Result "0-1"]
[WhiteElo "2337"]
[BlackElo "2549"]
[PlyCount "88"]
[EventDate "2016.07.08"]
[EventType "swiss"]
[EventRounds "9"]
[EventCountry "POL"]
[SourceTitle "CBM 173 Extra"]
[Source "ChessBase"]
[SourceDate "2016.08.29"]
[SourceVersion "1"]
[SourceVersionDate "2016.08.29"]
[SourceQuality "1"]

1. d4 Nf6 2. c4 e6 3. g3 d5 4. Bg2 Bb4+ 5. Bd2 Be7 6. Nf3 0-0 7. 0-0 c6 8. Qc2 Nbd7 9. Bf4 b6 10. Rd1 Ba6 11. Ne5 Rc8 12. cxd5 Nxd5 13. Nc3 Nxe5 14. Bxe5 f6 15. Bf4 Nxf4 16. gxf4 f5 17. e3 Bb7 18. Qe2 Bd6 19. Kh1 Rf6 20. a3 Rh6 21. h3 Kh8 22. Rd2 Qh4 23. Rg1 Rg8 24. Bf1 Qe7 25. Rg3 Rh4 26. Bg2 h6 27. Rd1 g5 28. fxg5 hxg5 29. e4 Bxg3 30. fxg3 Rh7 31. Re1 f4 32. g4 Rd8 33. Rd1 c5 34. dxc5 Rxd1+ 35. Qxd1 bxc5 36. Qa4 Qd7 37. Qa5 Qc7 38. Qb5 Qc6 39. Qc4 Rd7 40. Ne2 Rd1+ 41. Kh2 Qd6 42. Qc3+ e5 43. Qb3 Rd2 44. Nc3 Qd3 0-1

[Event "Warsaw Najdorf Memorial op-A 14th"]
[Site "Warsaw"]
[Date "2016.07.08"]
[Round "1"]
[White "Fier, Alexandr"]
[Black "Przedmojski, Rafal"]
[Result "1-0"]
[WhiteElo "2616"]
[BlackElo "2337"]
[PlyCount "113"]
[EventDate "2016.07.08"]
[EventType "swiss"]
[EventRounds "9"]
[EventCountry "POL"]
[SourceTitle "CBM 173 Extra"]
[Source "ChessBase"]
[SourceDate "2016.08.29"]
[SourceVersion "1"]
[SourceVersionDate "2016.08.29"]
[SourceQuality "1"]

1. e4 c5 2. Nf3 Nc6 3. d4 cxd4 4. Nxd4 e5 5. Nb5 d6 6. c4 Be7 7. N1c3 a6 8. Na3 Be6 9. Bd3 Bg5 10. Nc2 Bxc1 11. Rxc1 Qg5 12. 0-0 Nge7 13. Nd5 0-0 14. Qf3 Rac8 15. Qg3 Qh6 16. Qe3 Qxe3 17. fxe3 f5 18. Rfd1 g6 19. b3 Kg7 20. Nb6 Rcd8 21. Rd2 Ng8 22. exf5 gxf5 23. e4 f4 24. Be2 Nf6 25. Bf3 Kf7 26. b4 Ne7 27. Na3 Nc6 28. Nc2 Ne7 29. a4 Nc8 30. Nd5 Bxd5 31. cxd5 Nb6 32. a5 Nc4 33. Rd3 Rc8 34. Ne1 b5 35. axb6 Nxb6 36. Rc6 Rxc6 37. dxc6 d5 38. exd5 e4 39. Bxe4 Nxe4 40. d6 Nf6 41. Nf3 Rg8 42. d7 Ke7 43. Ne5 Rd8 44. c7 Rxd7 45. Nxd7 Nfxd7 46. Rd4 Nc8 47. Kf2 Ndb6 48. Rd8 Nd6 49. Kf3 Ke6 50. Rh8 Kd7 51. Rxh7+ Kc8 52. Kxf4 Nb5 53. h4 Nd5+ 54. Ke5 Nxb4 55. h5 Nd3+ 56. Kf6 Nxc7 57. Rxc7+ 1-0

[Event "Krakow op-A 26th"]
[Site "Krakow"]
[Date "2015.12.30"]
[Round "4"]
[White "Nowicki, Bartosz"]
[Black "Przedmojski, Rafal"]
[Result "1/2-1/2"]
[WhiteElo "2113"]
[BlackElo "2357"]
[PlyCount "51"]
[EventDate "2015.12.27"]
[EventType "swiss"]
[EventRounds "9"]
[EventCountry "POL"]
[SourceTitle "CBM 170 Extra"]
[Source "ChessBase"]
[SourceDate "2016.02.25"]
[SourceVersion "1"]
[SourceVersionDate "2016.02.25"]
[SourceQuality "1"]

1. e4 c5 2. Nf3 d6 3. d4 cxd4 4. Nxd4 Nf6 5. Nc3 a6 6. Be3 e5 7. Nf3 Be7 8. Bc4 0-0 9. 0-0 Nc6 10. Bb3 Na5 11. Qe2 Nxb3 12. axb3 Be6 13. Rfd1 Qc7 14. Bg5 Rac8 15. Nd2 Ng4 16. Bxe7 Qxe7 17. Nc4 Bxc4 18. bxc4 Nh6 19. b3 Kh8 20. Rd3 Rc6 21. Rad1 Qe6 22. Nd5 f5 23. Nb4 Rb6 24. Nd5 Rc6 25. Nb4 Rb6 26. Nd5 1/2-1/2

[Event "Krakow op-A 26th"]
[Site "Krakow"]
[Date "2015.12.29"]
[Round "3"]
[White "Przedmojski, Rafal"]
[Black "Belous, Mikhail"]
[Result "1/2-1/2"]
[WhiteElo "2357"]
[BlackElo "2191"]
[PlyCount "92"]
[EventDate "2015.12.27"]
[EventType "swiss"]
[EventRounds "9"]
[EventCountry "POL"]
[SourceTitle "CBM 170 Extra"]
[Source "ChessBase"]
[SourceDate "2016.02.25"]
[SourceVersion "1"]
[SourceVersionDate "2016.02.25"]
[SourceQuality "1"]

1. d4 Nf6 2. c4 g6 3. Nc3 d5 4. Nf3 Bg7 5. Bf4 0-0 6. c5 c6 7. e3 Bg4 8. Be2 Nbd7 9. 0-0 Re8 10. Ne5 Bxe2 11. Nxe2 Nh5 12. Qb3 f6 13. Nxd7 Qxd7 14. e4 Nxf4 15. Nxf4 e6 16. Rfe1 Bh6 17. Nd3 dxe4 18. Rxe4 Qd5 19. Re2 Qxb3 20. axb3 Rad8 21. Ra4 e5 22. Kf1 e4 23. Ne1 a6 24. g3 f5 25. f4 exf3 26. Nxf3 Rxe2 27. Kxe2 Re8+ 28. Kf2 Be3+ 29. Kf1 Bc1 30. Ne5 Bxb2 31. Nc4 Bc3 32. Nd6 Re7 33. Rc4 Bd2 34. Rc2 Bh6 35. Re2 Kf8 36. Rc2 Be3 37. Rc4 Bd2 38. Rc2 Be3 39. Rc4 Bd2 40. Rc2 Ba5 41. Ra2 Bc3 42. Ra4 h5 43. Rc4 Bd2 44. Rc2 Ba5 45. Ra2 Bc3 46. Ra4 Kg7 1/2-1/2

[Event "Warsaw Najdorf Memorial op-A 13th"]
[Site "Warsaw"]
[Date "2015.07.11"]
[Round "2"]
[White "Macieja, Bartlomiej"]
[Black "Przedmojski, Rafal"]
[Result "1-0"]
[WhiteElo "2586"]
[BlackElo "2362"]
[PlyCount "135"]
[EventDate "2015.07.10"]
[EventType "swiss"]
[EventRounds "9"]
[EventCountry "POL"]
[SourceTitle "CBM 167 Extra"]
[Source "ChessBase"]
[SourceDate "2015.09.14"]
[SourceVersion "1"]
[SourceVersionDate "2015.09.14"]
[SourceQuality "1"]

1. e4 c5 2. Nf3 d6 3. d4 cxd4 4. Nxd4 Nf6 5. Nc3 a6 6. Be3 e5 7. Nf3 h6 8. Bc4 Be6 9. Bb3 Nbd7 10. 0-0 Rc8 11. Qe2 Be7 12. Nh4 Bxb3 13. axb3 g6 14. g3 Kf8 15. f3 Kg7 16. Ng2 Qc7 17. Bf2 Qc6 18. Rfd1 Bd8 19. Qd2 Ne8 20. Ne3 Bg5 21. Ncd5 Bxe3 22. Nxe3 Nb6 23. Qb4 Rf8 24. Rd2 Ra8 25. Rd3 Nc8 26. Nc4 b5 27. Ne3 f5 28. Rc3 Qb7 29. Nd5 Rf7 30. Rd3 Ne7 31. Nxe7 Rxe7 32. exf5 gxf5 33. f4 Rc8 34. c3 Qe4 35. Qxe4 fxe4 36. Rd5 Rc6 37. fxe5 dxe5 38. Rd8 Nf6 39. h3 Rd7 40. Rxd7+ Nxd7 41. Rd1 Nf6 42. g4 a5 43. Kf1 a4 44. Bg3 axb3 45. Bxe5 Kg6 46. Ke2 Re6 47. Bd4 Nd5 48. Rf1 Ne7 49. Rf8 Nc6 50. Rg8+ Kf7 51. Rg7+ Kf8 52. Rb7 Nxd4+ 53. cxd4 Rc6 54. Rxb5 Rc2+ 55. Ke3 Rxb2 56. Kxe4 Ke7 57. Kf5 Kd6 58. Kg6 Kc6 59. Rb4 Kd5 60. Kxh6 Ke4 61. g5 Kd3 62. h4 Kc3 63. Rb8 Rd2 64. g6 Rxd4 65. h5 b2 66. g7 Rg4 67. Rxb2 Kxb2 68. Kh7 1-0